The Lion King (Registro nro. 12598)
[ vista simple ]
| 000 -LIDER | |
|---|---|
| fixed length control field | 00581nam a22002297a 4500 |
| 003 - IDENTIFICACDOR DE NÚMERO DE CONTROL | |
| control field | DO-SdBNP |
| 005 - DATE AND TIME OF LATEST TRANSACTION | |
| control field | 20180315102610.0 |
| 008 - ELEMENTOS DE LONGITUD FIJA | |
| fixed length control field | 170731b 20uu sp 0 spa d |
| 040 ## - FUENTE DE CATALOGACIÓN | |
| Agencia que crea de manera original el registro | BPMSU |
| Idioma de catalogación | spa |
| Agencia que realiza la transcripción | BPMSU |
| 100 ## - ASIENTO PRINCIPAL -- NOMBRE PERSONAL | |
| Nombre personal | |
| 110 ## - ASIENTO PRINCIPAL--NOMBRE CORPORATIVO | |
| Nombre corporativo o de jurisdicción | Disneys |
| 245 ## - MENCIÓN DE TITULO | |
| Título | The Lion King |
| Mención de responsabilidad | |
| 260 ## - PUBLICACIÓN, DISTRIBUCIÓN, ETC. (PIE DE IMPRENTA) | |
| Lugar de publicación, distribución, etc | Estados Unidos : |
| Nombre del editor, distribuidor, etc. | The Wolt Desney , |
| Fecha de publicación, distribución, etc | 1994 |
| 300 ## - DESCRIPCIÓN FÍSICA | |
| Extensión | [44 ]p. : |
| Otros detalles físicos | il. ; |
| Dimensiones | 21 cm. |
| 490 ## - MENCIÓN DE SERIES | |
| Mención de serie | Peca y Lino |
| 500 ## - NOTA GENERAL | |
| Nota general | Datos tomados de la cubierta |
| 700 ## - ASIENTO SECUNDARIO -- NOMBRE PERSONAL | |
| Nombre personal | |
| Mención de responsabilidad | |
| 830 ## - ASIENTO SECUNDARIO DE SERIE--TÍTULO UNIFORME | |
| Título uniforme | |
| 942 ## - ADDED ENTRY ELEMENTS (KOHA) | |
| Source of classification or shelving scheme | Dewey Decimal Classification |
| Koha item type | Libros |
| 945 ## - INFORMACIÓN DE PROCESAMIENTO LOCAL | |
| Información de procesamiento local | inventariado, 2018 / dg |
| 956 ## - LOCAL ELECTRONIC LOCATION AND ACCESS (OCLC) | |
| Nombre de host | VMATEO |
| Número de acceso | 10 |
| Información de compresión | 20170731 |
| Trayectoria | BPMSU |
| Nombre Electrónico | 0069 |
| Withdrawn status | Lost status | Source of classification or shelving scheme | Damaged status | Not for loan | Collection code | Home library | Current library | Date acquired | Source of acquisition | Total Checkouts | Barcode | Date last seen | Price effective from | Koha item type |
|---|---|---|---|---|---|---|---|---|---|---|---|---|---|---|
| Dewey Decimal Classification | Colección Infantil General | Biblioteca Pública Metropolitana Salomé Ureña | Biblioteca Pública Metropolitana Salomé Ureña | 07/31/2017 | FUNDI | BPMSU17070028 | 07/31/2017 | 07/31/2017 | Libros |